| 000 | 00876nam a2200241 i 4500 | ||
|---|---|---|---|
| 001 | 168613 | ||
| 003 | ES-MaACL | ||
| 005 | 20250812062527.0 | ||
| 008 | 080424s1951 sp f |||| | spa d | ||
| 080 | _a323.17(460) | ||
| 100 | 1 |
_aSánchez Agesta, Luis. _9102435 |
|
| 245 | 1 | 0 |
_aEn torno al concepto de España / _cLuis Sánchez Agesta. |
| 260 |
_aMadrid : _bAteneo, _c1951. |
||
| 300 |
_a34 p., : _b1 lám. ; _c19 cm. |
||
| 490 | 1 |
_aColección "O crece o muere" ; _v5 |
|
| 594 | _aEl original fue dado a conocer en una conferencia pronunciada por el autor en el Ateneo de Madrid el 12 de febrero de 1951. | ||
| 610 | 2 | 7 |
_aAteneo de Madrid- _vConferencias- _y1940-1982. _91908 |
| 650 | 0 | 4 |
_aNacionalismo- _zEspaña. _915447 |
| 830 | 0 | 0 |
_aColección "O crece o muere" _v5 _9183476 |
| 852 |
_aES-MaACL _jJ-24 (5) |
||
| 852 |
_aES-MaACL _jJ-25 (5) |
||
| 999 |
_c168613 _d168613 |
||